Gender and diversity studies : (Record no. 57633)

MARC details
000 -LEADER
fixed length control field 04337cam a2200529Mi 4500
003 - CONTROL NUMBER IDENTIFIER
control field PHURS
005 - DATE AND TIME OF LATEST TRANSACTION
control field 20221125083407.0
008 - FIXED-LENGTH DATA ELEMENTS--GENERAL INFORMATION
fixed length control field 191019t20192019gw o 000 0 eng d
040 ## - CATALOGING SOURCE
Original cataloging agency EBLCP
Language of cataloging eng
Description conventions pn
Transcribing agency EBLCP
Modifying agency JSTOR
-- EBLCP
-- OCLCF
-- OCLCQ
-- YDX
-- HTM
-- OCLCQ
-- MM9
-- N$T
-- OCLCO
-- K6U
-- DST
-- OCLCO
020 ## - INTERNATIONAL STANDARD BOOK NUMBER
International Standard Book Number 9783847409489
Qualifying information (electronic bk.)
020 ## - INTERNATIONAL STANDARD BOOK NUMBER
International Standard Book Number 3847409484
Qualifying information (electronic bk.)
050 #4 - LIBRARY OF CONGRESS CALL NUMBER
Classification number HQ1237.5.E85
245 00 - TITLE STATEMENT
Title Gender and diversity studies :
Remainder of title European perspectives /
Statement of responsibility, etc. Ingrid Jungwirth, Carola Bauschke-Urban, editors.
264 #1 - PRODUCTION, PUBLICATION, DISTRIBUTION, MANUFACTURE, AND COPYRIGHT NOTICE
Place of production, publication, distribution, manufacture Opladen :
Name of producer, publisher, distributor, manufacturer Verlag Barbara Budrich,
Date of production, publication, distribution, manufacture, or copyright notice 2019.
264 #4 - PRODUCTION, PUBLICATION, DISTRIBUTION, MANUFACTURE, AND COPYRIGHT NOTICE
Date of production, publication, distribution, manufacture, or copyright notice ©2019
300 ## - PHYSICAL DESCRIPTION
Extent 1 online resource (329 pages)
336 ## - CONTENT TYPE
Content type term text
Content type code txt
Source rdacontent
337 ## - MEDIA TYPE
Media type term computer
Media type code c
Source rdamedia
338 ## - CARRIER TYPE
Carrier type term online resource
Carrier type code cr
Source rdacarrier
588 0# - SOURCE OF DESCRIPTION NOTE
Source of description note Print version record.
505 0# - FORMATTED CONTENTS NOTE
Formatted contents note Cover; Gender and Diversity Studies; Content; Foreword: Diversity and Transnational Exchange (Ilse Lenz); Introduction: Gender and Diversity Studies -- European perspectives (Ingrid Jungwirth); Equal Opportunities and Law; EU Gender Equality Policies in Times of Crisis: different instruments, different actors, different outcomes (Petra Ahrens, Anna van der Vleuten); Opening Doors: how the German General Act on Equal Treatment (AGG) advances racial equality (Doris Liebscher); Gender Equality in the UK Public Sector: is reflexive legislation the way forward? (Hazel Conley)
505 8# - FORMATTED CONTENTS NOTE
Formatted contents note A Case of Collateral Damage: widows of religious weddings in Turkey (Hülya Şimga, Zeynep Oya Usal)The Parity Law: Tunisian women's next battle (Amel Grami); Gender and Diversity Studies:; From Discovery to Politicization: the trajectory of Russian gender studies (Anna Temkina, Elena Zdravomyslova); At the Intersection of Gender and Racism: critical whiteness as a method of hegemonic self-reflection (Martina Tißberger); Social Justice Training: a dialogic approach to diversity education (Heike Weinbach); Transdisciplinarity with 'Science & Fiction' (Dagmar Vinz)
505 8# - FORMATTED CONTENTS NOTE
Formatted contents note Unlearning Discrimination: experiences with the antibias approach in adult-education in Germany (Constanze Schwärzer-Dutta)Changing Social Inequalities; The Business Case for Diversity: Europe 2020, the economic approach and antidiscrimination policies (Peter Streckeisen); Work and Organizations; Boundaries that Matter: workforce diversity in the STEM field in Germany (Ingrid Jungwirth); Female Physicians in the Medical Profession: a case study in a German hospital (Sarah Vader); Leadership and Cultural Identity (Victoria Showunmi); Contributors; Index; U4
520 ## - SUMMARY, ETC.
Summary, etc. What concepts of 'gender' and 'diversity' emerge in the different regions and pertinent research and practical fields? On the back drop of current European developments - from the deregulation of economy, a shrinking welfare state to the dissolution and reinforcement of borders - the book examines the development of Gender and Diversity Studies in different European regions as well as beyond and focuses on central fields of theoretical reflection, empirical research and practical implementation policies and politics.
590 ## - LOCAL NOTE (RLIN)
Local note JSTOR
Provenance (VM) [OBSOLETE] Books at JSTOR Open Access
650 #0 - SUBJECT ADDED ENTRY--TOPICAL TERM
Topical term or geographic name entry element Sex discrimination
Geographic subdivision Europe.
650 #0 - SUBJECT ADDED ENTRY--TOPICAL TERM
Topical term or geographic name entry element Sex discrimination
General subdivision Law and legislation
Geographic subdivision Europe.
650 #0 - SUBJECT ADDED ENTRY--TOPICAL TERM
Topical term or geographic name entry element Diversity in the workplace
Geographic subdivision Europe.
650 #0 - SUBJECT ADDED ENTRY--TOPICAL TERM
Topical term or geographic name entry element Cultural pluralism
Geographic subdivision Europe.
650 #0 - SUBJECT ADDED ENTRY--TOPICAL TERM
Topical term or geographic name entry element Cultural pluralism
General subdivision Law and legislation
Geographic subdivision Europe.
650 #6 - SUBJECT ADDED ENTRY--TOPICAL TERM
Topical term or geographic name entry element Discrimination sexuelle
Geographic subdivision Europe.
650 #6 - SUBJECT ADDED ENTRY--TOPICAL TERM
Topical term or geographic name entry element Multiculturalisme en milieu de travail
Geographic subdivision Europe.
650 #6 - SUBJECT ADDED ENTRY--TOPICAL TERM
Topical term or geographic name entry element Diversité culturelle
Geographic subdivision Europe.
650 #7 - SUBJECT ADDED ENTRY--TOPICAL TERM
Topical term or geographic name entry element Cultural pluralism.
650 #7 - SUBJECT ADDED ENTRY--TOPICAL TERM
Topical term or geographic name entry element Diversity in the workplace.
650 #7 - SUBJECT ADDED ENTRY--TOPICAL TERM
Topical term or geographic name entry element Sex discrimination.
650 #7 - SUBJECT ADDED ENTRY--TOPICAL TERM
Topical term or geographic name entry element Sex discrimination
General subdivision Law and legislation.
651 #7 - SUBJECT ADDED ENTRY--GEOGRAPHIC NAME
Geographic name Europe.
655 #0 - INDEX TERM--GENRE/FORM
Genre/form data or focus term Electronic books.
655 #4 - INDEX TERM--GENRE/FORM
Genre/form data or focus term Electronic books.
700 1# - ADDED ENTRY--PERSONAL NAME
Personal name Jungwirth, Ingrid,
Relator term editor.
Authority record control number or standard number http://id.loc.gov/authorities/names/nb2009013564
700 1# - ADDED ENTRY--PERSONAL NAME
Personal name Bauschke-Urban, Carola,
Relator term editor.
Authority record control number or standard number http://id.loc.gov/authorities/names/no2011136392
776 08 - ADDITIONAL PHYSICAL FORM ENTRY
Relationship information Print version:
Main entry heading Jungwirth, Ingrid.
Title Gender and Diversity Studies : European Perspectives.
Place, publisher, and date of publication Leverkusen-Opladen : Verlag Barbara Budrich, ©2019
International Standard Book Number 9783847405498
856 40 - ELECTRONIC LOCATION AND ACCESS
Uniform Resource Identifier <a href="https://www.jstor.org/stable/10.2307/j.ctvqsf36t">https://www.jstor.org/stable/10.2307/j.ctvqsf36t</a>
942 ## - ADDED ENTRY ELEMENTS (KOHA)
Source of classification or shelving scheme Library of Congress Classification
Koha item type E-Book
994 ## -
-- 92
-- PHURS
Holdings
Withdrawn status Source of classification or shelving scheme Damaged status Not for loan Home library Current library Date acquired Total Checkouts Date last seen Price effective from Koha item type
  Library of Congress Classification     JSTOR Open Access Books JSTOR Open Access Books 05/22/2022   05/22/2022 05/22/2022 E-Book

University of Rizal System
Email us at univlibservices@urs.edu.ph

Visit our Website www.urs.edu.ph/library